000 00603cam a2200205 4500500
005 20260405003909.0
041 _afre
042 _adc
100 1 0 _ade Oliveira, Victorine
_eauthor
245 0 0 _aLucrèce : le cœur
secret de la nature
260 _c2025.
500 _a49
690 _aAtome
690 _aÉpicuriens
690 _aLucrèce
690 _aMatière
690 _aNature
786 0 _nPhilosophie magazine | 186 | 1-2 | 2025-02-01 | p. 42-44 | 1951-1787
856 4 1 _uhttps://shs.cairn.info/magazine-philosophie-magazine-2025-2-page-42?lang=fr&redirect-ssocas=7080
999 _c2071883
_d2071883